Occupation by Rubber Ducky Quiz Stats

 Plays Quiz Updated Aug 10, 2016

Also try: Famous Duckfaces
Challenge
Share
Tweet
Score 0/25 Timer 05:00
2 Plays Today
% Correct
Firefighter
99.3%
Clown
99.1%
Nurse
98.8%
Police Officer
97.5%
Chef
96.9%
General Surgeon
96.2%
Pilot
95.9%
Lawyer
95.6%
Mail Carrier
94.9%
House Painter
94.6%
Astronaut
93.8%
Journalist
92.8%
Flight Attendant
91.7%
% Correct
Gardener
90.9%
Soldier
90.6%
Construction Worker
90.3%
Waiting Staff
89.7%
Cleaner
89.5%
Auto Mechanic
89.4%
Sea Captain
88.5%
Private Eye
85.9%
Bellhop
84.8%
Barber
81.9%
Chemist
67.4%
Baker
63.1%

You're not logged in!

Compare scores with friends on all Sporcle quizzes.
Join for Free
OR
Log In

You Might Also Like...

Show Comments

Extras

Top Quizzes Today


Score Distribution

Your Account Isn't Verified!

In order to create a playlist on Sporcle, you need to verify the email address you used during registration. Go to your Sporcle Settings to finish the process.

Report this User

Report this user for behavior that violates our Community Guidelines.

Details: